Normal view
MARC view
- Plasma spectroscopy
Entry Topical Term
001 - CONTROL NUMBER
- control field: 103717
003 - CONTROL NUMBER IDENTIFIER
- control field: NUST
005 - DATE AND TIME OF LATEST TRANSACTION
- control field: 20221128153813.0
008 - FIXED-LENGTH DATA ELEMENTS
- fixed length control field: 221128|| aca||aabn | a|a d
040 ## - CATALOGING SOURCE
- Original cataloging agency: NUST
- Transcribing agency: NUST
150 ## - HEADING--TOPICAL TERM
- Topical term or geographic name entry element: Plasma spectroscopy
670 ## - SOURCE DATA FOUND
- Source citation: Work cat.: (NUST)178381: Griem, Hans R. 103715, Plasma spectroscopy /, 1964.
